000 00602nam a2200241Ia 4500
003 OSt
005 20220924152231.0
006 a|||||r|||| 00| 0
007 ta
008 220923b |||||||| |||| 00| 0 mar d
020 _c10.00
024 _a341658
037 _cTextual
040 _aARTS
_cARTS
_bmar
041 _2mar
_amar
082 _aO155,6M83x, J8
100 _aSavarkar V.D.
_9100378
245 0 _aSahitya navanit
260 _c1958
650 _aMARATHI LITERATURE
_938000
942 _hO155,6M83x, J8
_cTEXL
_2CC
999 _c469208
_d469208